VBA for modelers : (Record no. 14500)

000 -LEADER
fixed length control field 00510cam a22001454a 4500
020 ## - INTERNATIONAL STANDARD BOOK NUMBER
ISBN 0534380123 (alk. paper)
040 ## - CATALOGING SOURCE
Transcribing agency DLC
082 00 - DEWEY DECIMAL CLASSIFICATION NUMBER
Classification number 658 DUX 2001 A051 Or.
100 1# - MAIN ENTRY--AUTHOR NAME
Personal name Albright, S. Christian.
245 10 - TITLE STATEMENT
Title VBA for modelers :
Remainder of title developing decision support systems with Microsoft Excel /
260 ## - PUBLICATION, DISTRIBUTION, ETC. (IMPRINT)
Place of publication Pacific Grove, CA :
Name of publisher Duxbury/Thomson Learning,
Year of publication 2001.
300 ## - PHYSICAL DESCRIPTION
Number of Pages xxi, 549 p. :
Other physical details ill. ;
Dimensions 24 cm.
Accompanying material + 1 computer laser optical disc (4 3/4 in.)
650 #0 - SUBJECT ADDED ENTRY--TOPICAL TERM
Topical Term Decision support systems.
942 ## - ADDED ENTRY ELEMENTS (KOHA)
Koha item type សៀវភៅភាសាអង់គ្លេស
952 ## - LOCATION AND ITEM INFORMATION (KOHA)
Withdrawn status [LOCAL, KOHA] 0
Holdings
Permanent Location Date acquired Koha item type Lost status Shelving location Barcode Current Location Full call number
Library Block A2017-10-18សៀវភៅភាសាអង់គ្លេស A051A08371Library Block A658 DUX 2001 A051 Or.
មជ្ឈមណ្ឌលឯការនៃសាកលវិទ្យាល័យភូមិន្ទកសិកម្មចំការដូង

Powered by Koha